00797cam a22002531 4500001001300000003000400013005001700017008004100034010001700075025002000092035002000112040002100132042001200153050001900165100001700184245015600201250001400357260002400371300004000395500003300435610002900468710002900497999001700526sa 68019949 DLC20260227112721.0940504s1959 io ac 000 0 ind  asa 68019949  aPL480:Indo-8225 a(OCoLC)30381251 aDLCcCUdCUdDLC apremarc00aLG181.J6bS3171 aSardjito, M.00aPidato pembukaan rapat senat terbuka pada dies natalis Universitas Gadjah Mada jang ke X (lustrum II) pada tanggal 19 Desember 1959,coleh M. Sardjito. a[Tjet. 1. aJogjakarta,c1959?] a43, [26] p.billus., ports.c24 cm. aPages [44-69] lists faculty.20aUniversitas Gadjah Mada.2 aUniversitas Gadjah Mada. c89158d89158